ბათუმის შოთა რუსთაველის სახელმწიფო უნივერსიტეტის ბიბლიოთეკა

XXVI რესპუბლიკური დიალექტოლოგიური სამეცნიერო სესია:მასალები (ბიბ.ჩანაწერი № 51127)

000 -LEADER
fixed length control field 01472nam a2200265Ia 4500
001 - CONTROL NUMBER
control field 18084
003 - CONTROL NUMBER IDENTIFIER
control field GE_BSU
008 - FIXED-LENGTH DATA ELEMENTS--GENERAL INFORMATION
fixed length control field 181216s||||||||xx |||||||||||||| ||und||
020 ## - INTERNATIONAL STANDARD BOOK NUMBER
International Standard Book Number 99940-61-31-3
040 ## - CATALOGING SOURCE
Transcribing agency GE_BSU
245 ## - TITLE STATEMENT
Title XXVI რესპუბლიკური დიალექტოლოგიური სამეცნიერო სესია:მასალები
245 ## - TITLE STATEMENT
Remainder of title 2006 წ. 14-16 ნოემბერი
245 ## - TITLE STATEMENT
Statement of responsibility, etc. რედ.: მ. ჩუხუა, მ. ბერიძე
250 ## - EDITION STATEMENT
Edition statement ქართ. ენ. მეცნ. შესწავლის სამეცნ. საბჭო, დიალექტოლ. სამეცნ. საბჭო, ენათმეცნ. ინ-ტი
260 ## - PUBLICATION, DISTRIBUTION, ETC.
Place of publication, distribution, etc. თბილისი
260 ## - PUBLICATION, DISTRIBUTION, ETC.
Name of publisher, distributor, etc. უნივერსალი
260 ## - PUBLICATION, DISTRIBUTION, ETC.
Date of publication, distribution, etc. 2006
300 ## - PHYSICAL DESCRIPTION
Extent 72გვ. ; 20სმ
520 ## - SUMMARY, ETC.
Summary, etc. ეძღვნება გიორგი როგავას დაბადების 100 წლისთავს.
653 ## - INDEX TERM--UNCONTROLLED
Uncontrolled term XXVI რესპუბლიკური დიალექტოლოგიური სამეცნიერო სესია
653 ## - INDEX TERM--UNCONTROLLED
Uncontrolled term კავკასიური ენები; დიალექტოლოგია
653 ## - INDEX TERM--UNCONTROLLED
Uncontrolled term ქართული ენის დიალექტები; ქართველური ენების დიალექტები;
942 ## - ADDED ENTRY ELEMENTS (KOHA)
Koha item type წიგნი
ეგზემპლარები
Withdrawn status Lost status Damaged status Not for loan Date acquired Barcode Date last seen Price effective from Koha item type
        2018-12-17 46144 2018-12-17 2018-12-17 წიგნი
        2018-12-17 46145 2018-12-17 2018-12-17 წიგნი
        2018-12-17 46146 2018-12-17 2018-12-17 წიგნი